000 00469cam a2200169ua 4500
001 1592
008 110712n ii |||gr||||Z||||||eng
040 _cMAIN
082 _a338.954
100 1 _aHonavar, R. M.,
_eAuthor.
245 1 _aIndian economic development 1950-1980 :
_ban assessment /
_cby R. M. Honavar
260 _aBombay:
_bForum of free enterprise.
300 _a20p:
_c23cm.
653 _aEconomics
653 _aindian economic development
942 _cBK
999 _c1479
_d1479